[Event "European Youth Chess Championship B12"]
[Site "Prague, Top Hotel Prague"]
[Date "2012.08.24"]
[Round "8.9"]
[White "Radovanovic, Mihajlo"]
[Black "Vykouk, Jan"]
[Result "0-1"]
[WhiteElo "1806"]
[BlackElo "1966"]
[PlyCount "0"]
[EventDate "2012.08.17"]

1. d4 {[%clk 1:30:51]} Nf6 {[%clk 1:30:55]} 2. Nf3 {[%clk 1:31:05]} g6
{[%clk 1:31:08]} 3. c4 {[%clk 1:31:25]} Bg7 {[%clk 1:31:34]} 4. Nc3
{[%clk 1:31:36]} O-O {[%clk 1:31:58]} 5. e4 {[%clk 1:31:55]} d6 {[%clk 1:32:21]}
6. Be2 {[%clk 1:32:08]} e5 {[%clk 1:32:33]} 7. O-O {[%clk 1:32:13]} Nc6
{[%clk 1:33:01]} 8. dxe5 {[%clk 1:32:12]} Nxe5 {[%clk 1:32:20]} 9. Bg5
{[%clk 1:31:56]} Nxf3+ {[%clk 1:29:14]} 10. Bxf3 {[%clk 1:31:50]} h6
{[%clk 1:29:18]} 11. Bh4 {[%clk 1:28:32]} Be6 {[%clk 1:20:05]} 12. Be2
{[%clk 1:17:44]} g5 {[%clk 1:17:35]} 13. Bg3 {[%clk 1:17:36]} Nd7
{[%clk 1:17:45]} 14. Qc2 {[%clk 1:05:54]} Ne5 {[%clk 1:15:08]} 15. Nd5
{[%clk 0:45:01]} Nc6 {[%clk 1:04:46]} 16. Rfd1 {[%clk 0:37:51]} Nd4
{[%clk 1:02:03]} 17. Qd2 {[%clk 0:37:23]} c5 {[%clk 0:38:07]} 18. Bh5
{[%clk 0:16:12]} Bxd5 {[%clk 0:36:04]} 19. cxd5 {[%clk 0:16:13]} a5
{[%clk 0:18:52]} 20. f4 {[%clk 0:11:38]} a4 {[%clk 0:18:39]} 21. Rab1
{[%clk 0:10:38]} b5 {[%clk 0:15:32]} 22. Rf1 {[%clk 0:09:52]} b4 {[%clk 0:11:55]}
23. Rbe1 {[%clk 0:08:36]} b3 {[%clk 0:11:24]} 24. a3 {[%clk 0:07:45]} Nc2
{[%clk 0:11:41]} 25. Re2 {[%clk 0:07:06]} Bxb2 {[%clk 0:04:12]} 26. e5
{[%clk 0:06:13]} dxe5 {[%clk 0:03:41]} 27. fxe5 {[%clk 0:06:31]} Bd4+
{[%clk 0:04:02]} 28. Kh1 {[%clk 0:06:35]} Nxa3 {[%clk 0:03:58]} 29. Bxf7+
{[%clk 0:03:44]} Rxf7 {[%clk 0:04:06]} 30. Rxf7 {[%clk 0:04:01]} Kxf7
{[%clk 0:04:32]} 31. Qd3 {[%clk 0:03:45]} Kg7 {[%clk 0:04:01]} 32. Re1
{[%clk 0:02:38]} Qxd5 {[%clk 0:02:22]} 33. e6 {[%clk 0:02:47]} Nc2
{[%clk 0:00:53]} 34. Be5+ {[%clk 0:02:16]} Qxe5 {[%clk 0:01:19]} 35. Rxe5
{[%clk 0:02:37]} Bxe5 {[%clk 0:01:45]} 36. Qd7+ {[%clk 0:02:30]} Kh8
{[%clk 0:02:01]} 37. Qd5 {[%clk 0:01:27]} b2 {[%clk 0:00:34]} 38. Qxe5+
{[%clk 0:00:44]} Kg8 {[%clk 0:00:51]} 39. Qxb2 {[%clk 0:00:55]} Nd4
{[%clk 0:00:56]} 40. Qb7 {[%clk 0:30:37]} Rf8 {[%clk 0:31:22]} 41. h3
{[%clk 0:29:52]} Nxe6 {[%clk 0:31:38]} 42. Qa6 {[%clk 0:28:21]} Kf7
{[%clk 0:31:27]} 43. Qxa4 {[%clk 0:28:01]} Kf6 {[%clk 0:25:41]} 44. Qc6
{[%clk 0:25:32]} Ke5 {[%clk 0:25:03]} 45. Kh2 {[%clk 0:24:48]} Rf4
{[%clk 0:24:39]} 46. Qb5 {[%clk 0:24:40]} Rb4 {[%clk 0:20:45]} 47. Qe2+
{[%clk 0:24:44]} Kd5 {[%clk 0:19:53]} 48. Qf3+ {[%clk 0:23:56]} Re4
{[%clk 0:19:39]} 49. Qf5+ {[%clk 0:23:28]} Kd4 {[%clk 0:17:38]} 50. Qf6+
{[%clk 0:22:00]} Re5 {[%clk 0:17:36]} 51. Qf2+ {[%clk 0:21:02]} Kd3
{[%clk 0:17:40]} 52. Qg3+ {[%clk 0:19:59]} Re3 {[%clk 0:17:53]} 53. Qd6+
{[%clk 0:20:03]} Kc3 {[%clk 0:15:51]} 54. Kg1 {[%clk 0:19:24]} c4
{[%clk 0:14:16]} 55. Kf2 {[%clk 0:19:25]} Re4 {[%clk 0:14:41]} 56. Qa3+
{[%clk 0:19:16]} Kd2 {[%clk 0:13:46]} 57. Qb2+ {[%clk 0:17:18]} Kd3
{[%clk 0:13:58]} 58. Qb1+ {[%clk 0:17:13]} Kd4 {[%clk 0:14:21]} 59. Qb6+
{[%clk 0:17:09]} Kc3 {[%clk 0:13:22]} 60. Kf3 {[%clk 0:15:15]} Re5
{[%clk 0:13:44]} 61. Qd6 {[%clk 0:12:24]} Nd4+ {[%clk 0:13:37]} 62. Kf2
{[%clk 0:12:23]} Re2+ {[%clk 0:13:47]} 63. Kf1 {[%clk 0:12:13]} Re6
{[%clk 0:10:57]} 64. Qg3+ {[%clk 0:10:44]} Kd2 {[%clk 0:11:02]} 65. Qg4
{[%clk 0:08:21]} Rf6+ {[%clk 0:10:15]} 66. Kg1 {[%clk 0:08:39]} Rf4
{[%clk 0:10:37]} 67. Qd7 {[%clk 0:07:13]} c3 {[%clk 0:09:53]} 0-1

[Event "European Youth Chess Championship B12"]
[Site "Prague, Top Hotel Prague"]
[Date "2012.08.24"]
[Round "8.10"]
[White "Deac, Bogdan-Daniel"]
[Black "Kevlishvili, Robby"]
[Result "0-1"]
[WhiteElo "1939"]
[BlackElo "1898"]
[PlyCount "0"]
[EventDate "2012.08.17"]

1. d4 {[%clk 1:30:58]} Nf6 {[%clk 1:30:52]} 2. Nf3 {[%clk 1:31:22]} g6
{[%clk 1:31:16]} 3. Nbd2 {[%clk 1:31:44]} d5 {[%clk 1:31:31]} 4. b4
{[%clk 1:32:04]} Bg7 {[%clk 1:30:26]} 5. e3 {[%clk 1:32:20]} O-O {[%clk 1:30:02]}
6. Bb2 {[%clk 1:32:31]} Nbd7 {[%clk 1:27:00]} 7. c4 {[%clk 1:30:57]} b6
{[%clk 1:26:37]} 8. Be2 {[%clk 1:28:12]} Bb7 {[%clk 1:26:43]} 9. O-O
{[%clk 1:28:32]} c5 {[%clk 1:25:29]} 10. bxc5 {[%clk 1:28:44]} bxc5
{[%clk 1:25:49]} 11. Rb1 {[%clk 1:28:46]} Rb8 {[%clk 1:23:48]} 12. Qa4
{[%clk 0:53:45]} a6 {[%clk 1:12:08]} 13. cxd5 {[%clk 0:37:31]} Nxd5
{[%clk 1:11:27]} 14. Rfc1 {[%clk 0:31:51]} N5b6 {[%clk 0:51:32]} 15. Qa3
{[%clk 0:27:58]} cxd4 {[%clk 0:49:00]} 16. Nxd4 {[%clk 0:27:47]} e5
{[%clk 0:48:15]} 17. Nc6 {[%clk 0:23:48]} Bxc6 {[%clk 0:48:08]} 18. Rxc6
{[%clk 0:24:17]} Nd5 {[%clk 0:42:50]} 19. Rd6 {[%clk 0:15:19]} N5b6
{[%clk 0:39:44]} 20. Rc6 {[%clk 0:11:20]} Re8 {[%clk 0:38:27]} 21. Ne4
{[%clk 0:07:23]} Qh4 {[%clk 0:36:43]} 22. Qd3 {[%clk 0:04:15]} Nf8
{[%clk 0:31:34]} 23. Nd6 {[%clk 0:04:18]} Re6 {[%clk 0:30:35]} 24. Qxa6
{[%clk 0:02:51]} Nbd7 {[%clk 0:29:33]} 25. Bc4 {[%clk 0:02:32]} Rf6
{[%clk 0:27:10]} 26. g3 {[%clk 0:02:40]} Qg4 {[%clk 0:27:09]} 27. Bb3
{[%clk 0:01:15]} Qf3 {[%clk 0:26:07]} 28. Rf1 {[%clk 0:01:11]} Rxb3
{[%clk 0:26:23]} 29. axb3 {[%clk 0:01:30]} Nb8 {[%clk 0:26:32]} 0-1

[Event "European Youth Chess Championship B12"]
[Site "Prague, Top Hotel Prague"]
[Date "2012.08.24"]
[Round "8.11"]
[White "Ioannidis, Evgenios"]
[Black "Drozdowski, Konrad"]
[Result "1-0"]
[WhiteElo "1936"]
[BlackElo "1868"]
[PlyCount "107"]
[EventDate "2012.08.17"]

1. d4 d5 2. c4 e6 3. Nc3 c6 4. cxd5 exd5 5. Qc2 Bd6 6. Nf3 Ne7 7. Bg5 f6 8. Bh4
Bf5 9. Qd2 Bg6 10. e3 Nf5 11. Be2 Qe7 12. Bg3 Nd7 13. Bxd6 Nxd6 14. Nh4 Bf7 15.
O-O g5 16. Nf3 O-O-O 17. Na4 Ne4 18. Qa5 Kb8 19. Rfc1 Rhe8 20. Nc3 f5 21. Nxe4
dxe4 22. Nd2 Bd5 23. b4 Nb6 24. b5 f4 25. Rab1 Qf6 26. bxc6 Bxc6 27. Nc4 Rd5
28. Qa3 Nxc4 29. Bxc4 Rd6 30. Qb3 b6 31. a4 Bb7 32. a5 f3 33. axb6 Rxb6 34. Qa4
Re7 35. g3 Qd6 36. Bf1 g4 37. Ra1 Bc6 38. Qa5 Bd5 39. Ba6 Be6 40. d5 Bf5 41.
Rc6 Qb4 42. Rxb6+ Qxb6 43. d6 Qxa5 44. Rxa5 Rf7 45. Bc4 Rf6 46. Rb5+ Kc8 47.
Rxf5 Rxd6 48. Rd5 Rb6 49. Rd1 h5 50. Ra1 Kb8 51. Bf7 Rb5 52. h3 gxh3 53. Kh2 a5
54. Kxh3 1-0

[Event "European Youth Chess Championship B12"]
[Site "Prague, Top Hotel Prague"]
[Date "2012.08.24"]
[Round "8.12"]
[White "Ozer, Omer Faruk"]
[Black "Gazik, Viktor"]
[Result "0-1"]
[WhiteElo "1755"]
[BlackElo "2073"]
[PlyCount "86"]
[EventDate "2012.08.17"]

1. d4 Nf6 2. Nf3 g6 3. c4 Bg7 4. Nc3 O-O 5. Bg5 d6 6. e3 c5 7. Be2 h6 8. Bh4
Bf5 9. O-O Nbd7 10. h3 Nb6 11. Qb3 Ne4 12. Nxe4 Bxe4 13. Rfd1 Rc8 14. d5 Bxf3
15. Bxf3 f5 16. Be2 Rb8 17. f4 Qe8 18. Bf3 Na4 19. Rd2 a6 20. Kh1 b5 21. cxb5
Nxb2 22. Rg1 Rxb5 23. Qc2 Kh8 24. g4 Qf7 25. Rdg2 Rg8 26. gxf5 gxf5 27. Rg6 c4
28. Re6 Rb7 29. Rgg6 Qf8 30. Be1 Kh7 31. e4 Nd3 32. exf5 Nxe1 33. Rxe1 Bf6 34.
Reg1 Rxg6 35. fxg6+ Kg7 36. Qxc4 Qb8 37. Qe4 Rb4 38. Qf5 Qd8 39. Bh5 Rb8 40.
Re1 Qc7 41. Qe6 Rf8 42. Bg4 Bh4 43. Rg1 Qc4 0-1

[Event "European Youth Chess Championship B12"]
[Site "Prague, Top Hotel Prague"]
[Date "2012.08.24"]
[Round "8.13"]
[White "Djurhuus, Eivind X"]
[Black "Theodorou, Nikolas"]
[Result "0-1"]
[WhiteElo "1818"]
[BlackElo "2129"]
[PlyCount "86"]
[EventDate "2012.08.17"]

1. e4 e6 2. d3 d5 3. Qe2 Nf6 4. Nf3 b6 5. g3 Bb7 6. e5 Nfd7 7. Bg2 c5 8. c4 d4
9. h4 Nc6 10. O-O Qc7 11. Re1 h6 12. Nbd2 O-O-O 13. Nf1 Be7 14. N1h2 Kb8 15.
Ng4 Rdg8 16. h5 Bf8 17. Nh4 Ne7 18. Bxb7 Qxb7 19. Bf4 g5 20. hxg6 fxg6 21. Ng2
g5 22. Bd2 h5 23. Nf6 h4 24. Qe4 Nxf6 25. exf6 Nc6 26. f7 Rg7 27. Bxg5 h3 28.
Nh4 h2+ 29. Kxh2 Rxf7 30. Kg1 Rg8 31. Qxe6 Qc7 32. Bf6 Bd6 33. Nf5 Bxg3 34.
Nxg3 Rxg3+ 35. fxg3 Qxg3+ 36. Kf1 Qf3+ 37. Kg1 Qg3+ 38. Kf1 Qf4+ 39. Kg2 Rxf6
40. Qg8+ Kb7 41. Rf1 Qd2+ 42. Kg1 Qe3+ 43. Kg2 Ne7 0-1

[Event "European Youth Chess Championship B12"]
[Site "Prague, Top Hotel Prague"]
[Date "2012.08.24"]
[Round "8.14"]
[White "Sorokin, Aleksey"]
[Black "Gimenez Aguirre, Alejo Ismael"]
[Result "0-1"]
[WhiteElo "2110"]
[BlackElo "1886"]
[PlyCount "136"]
[EventDate "2012.08.17"]

1. d4 Nf6 2. c4 e6 3. Nf3 b6 4. g3 Bb7 5. Bg2 Bb4+ 6. Bd2 Bxd2+ 7. Qxd2 d6 8.
Nc3 Nbd7 9. O-O O-O 10. Rad1 Ne4 11. Qc2 Nxc3 12. Qxc3 Nf6 13. Rfe1 Qe7 14. Nd2
Bxg2 15. Kxg2 Nd7 16. Nf3 a5 17. e4 e5 18. dxe5 dxe5 19. Re2 Rfd8 20. Red2 f6
21. Qd3 Nc5 22. Qxd8+ Rxd8 23. Rxd8+ Kf7 24. Nh4 g6 25. b3 Ke6 26. f3 Nb7 27.
R8d2 Nd6 28. Kg1 Nf7 29. Kg2 Qb4 30. f4 Nd6 31. Re2 a4 32. fxe5 fxe5 33. Re3
Qa3 34. Re2 axb3 35. Rd3 Nxc4 36. Rxb3 Qc5 37. Nf3 h6 38. Rd3 g5 39. h3 Ke7 40.
Kh2 c6 41. Rc2 b5 42. Kh1 Qb4 43. Rb3 Qd6 44. Rc1 Qg6 45. Re1 Qd6 46. Kg2 Qc5
47. Rd3 Qb4 48. Rb3 Qa5 49. Re2 Qd8 50. Kf2 Qd7 51. g4 Qa7+ 52. Kg2 Ke6 53. Ne1
Nd6 54. Rd3 Qa4 55. Nf3 Qc4 56. Rde3 b4 57. Rd2 Qb5 58. Rc2 c5 59. Re1 c4 60.
Rd2 Qa4 61. Rde2 c3 62. Kg3 Nc4 63. h4 gxh4+ 64. Kxh4 Nb2 65. Ra1 Qa6 66. Rf2
Nd3 67. Re2 b3 68. Rb1 c2 0-1

[Event "European Youth Chess Championship B12"]
[Site "Prague, Top Hotel Prague"]
[Date "2012.08.24"]
[Round "8.15"]
[White "Van Foreest, Lucas"]
[Black "Kitze, Alexander"]
[Result "1/2-1/2"]
[WhiteElo "1962"]
[BlackElo "1834"]
[PlyCount "63"]
[EventDate "2012.08.17"]

1. d4 Nf6 2. c4 g6 3. Nc3 d5 4. cxd5 Nxd5 5. e4 Nxc3 6. bxc3 Bg7 7. Nf3 c5 8.
Be3 Qa5 9. Qd2 Nc6 10. Rc1 cxd4 11. cxd4 Qxd2+ 12. Kxd2 O-O 13. Bb5 Rd8 14.
Bxc6 bxc6 15. Rc4 Be6 16. Rxc6 Bxa2 17. Rc7 e5 18. d5 f5 19. Bg5 Rdc8 20. Rxc8+
Rxc8 21. d6 Be6 22. exf5 gxf5 23. Rd1 Bd7 24. Be7 Rb8 25. g4 fxg4 26. Ng5 Bh6
27. Kd3 Bxg5 28. Bxg5 Kf7 29. Ra1 Rb7 30. Be3 Be6 31. Rxa7 Rxa7 32. Bxa7 {draw
after 40} 1/2-1/2

[Event "European Youth Chess Championship B12"]
[Site "Prague, Top Hotel Prague"]
[Date "2012.08.24"]
[Round "8.16"]
[White "Asadli, Vugar"]
[Black "Haug, Johannes"]
[Result "1-0"]
[WhiteElo "1785"]
[BlackElo "1951"]
[PlyCount "59"]
[EventDate "2012.08.17"]

1. d4 Nf6 2. Nf3 g6 3. Bf4 Bg7 4. e3 O-O 5. h3 c5 6. Nbd2 b6 7. Be2 Bb7 8. O-O
d6 9. c3 Nbd7 10. a4 a6 11. Bh2 cxd4 12. exd4 Rc8 13. Re1 Re8 14. Bc4 Nd5 15.
Qe2 a5 16. Qd3 N7f6 17. Bb5 Rf8 18. Qe2 e6 19. Nc4 e5 20. dxe5 dxe5 21. Nfxe5
Qe7 22. Qc2 Qd8 23. Rad1 Nh5 24. Qb3 Qf6 25. Ng4 Qh4 26. Nd6 Ndf4 27. Nxb7
Nxh3+ 28. gxh3 Qxh3 29. Ne3 Rfe8 30. Bf1 1-0

[Event "European Youth Chess Championship B12"]
[Site "Prague, Top Hotel Prague"]
[Date "2012.08.24"]
[Round "8.17"]
[White "Kazakovskiy, Valeriy"]
[Black "Bashirli, Nail"]
[Result "1-0"]
[WhiteElo "1951"]
[BlackElo "1769"]
[PlyCount "153"]
[EventDate "2012.08.17"]

1. e4 c5 2. Nf3 d6 3. Bb5+ Bd7 4. Bxd7+ Qxd7 5. O-O Nf6 6. Re1 Nc6 7. d3 g6 8.
b3 Bg7 9. Bb2 O-O 10. Nbd2 e6 11. Qe2 e5 12. Nf1 Bh6 13. Ng3 Bf4 14. c3 Rfe8
15. Rad1 a5 16. a4 h5 17. Bc1 Rab8 18. c4 h4 19. Nf1 Nh5 20. Ne3 Bxe3 21. fxe3
h3 22. g3 Qg4 23. Kh1 Re6 24. Ng1 f5 25. exf5 gxf5 26. Rf1 Rf8 27. Rf2 Rg6 28.
Rdf1 Rff6 29. Rxf5 Qxf5 30. Rxf5 Rxf5 31. e4 Nd4 32. Qd1 Nxg3+ 33. hxg3 Rf7 34.
Kh2 Rfg7 35. Qe1 Nxb3 36. Be3 Rxg3 37. Qxg3 Rxg3 38. Kxg3 Na1 39. Ne2 Nc2 40.
Bd2 Nb4 41. Nc1 Nc6 42. Kxh3 Kf7 43. Kg4 Kg6 44. Ne2 b6 45. Ng3 Nb4 46. Bxb4
axb4 47. Ne2 b3 48. Nc3 b2 49. Kf3 Kh5 50. Ke2 Kg4 51. Kd2 Kf3 52. Kc2 Ke3 53.
Nd1+ Ke2 54. Nxb2 Ke1 55. Nd1 Ke2 56. Nc3+ Ke3 57. Nd5+ Kd4 58. Nxb6 d5 59.
cxd5 c4 60. Nxc4 Kc5 61. Nxe5 Kd6 62. d4 Kc7 63. Nc4 Kb7 64. e5 Kc7 65. e6 Kd8
66. d6 Ke8 67. Ne5 Kd8 68. Nc6+ Kc8 69. d7+ Kb7 70. d8=Q Kxc6 71. Qd7+ Kb6 72.
Qb5+ Kc7 73. Qa6 Kb8 74. Qc6 Ka7 75. Qb5 Ka8 76. a5 Ka7 77. a6 1-0

[Event "European Youth Chess Championship B12"]
[Site "Prague, Top Hotel Prague"]
[Date "2012.08.24"]
[Round "8.18"]
[White "Drori, Saar"]
[Black "Nagdiyev, Niyazi"]
[Result "1/2-1/2"]
[WhiteElo "1905"]
[BlackElo "1778"]
[PlyCount "58"]
[EventDate "2012.08.17"]

1. e4 c6 2. Ne2 d5 3. e5 e6 4. d4 c5 5. c3 Nc6 6. Nd2 cxd4 7. cxd4 Qb6 8. Nf3
Bb4+ 9. Nc3 Nge7 10. Bd3 Bd7 11. a3 Bxc3+ 12. bxc3 h6 13. O-O Na5 14. Nd2 Rc8
15. Rb1 Qc7 16. Bb2 O-O 17. f4 f5 18. exf6 Rxf6 19. g3 Be8 20. Nf3 Bg6 21. Ne5
Bxd3 22. Qxd3 Nc4 23. Ng4 Rg6 24. Ne5 Rf6 25. Ng4 Rg6 26. Ne5 Rf6 27. Ng4 Rg6
28. Ne5 Rf6 29. Ng4 Rg6 1/2-1/2

[Event "European Youth Chess Championship B12"]
[Site "Prague, Top Hotel Prague"]
[Date "2012.08.24"]
[Round "8.19"]
[White "Petrov, Martin"]
[Black "Sazci, Bilgen"]
[Result "1-0"]
[WhiteElo "1901"]
[BlackElo "1680"]
[PlyCount "73"]
[EventDate "2012.08.17"]

1. e4 c5 2. Nf3 d6 3. d4 cxd4 4. Nxd4 Nf6 5. Nc3 a6 6. Be3 e5 7. Nb3 Be6 8. f3
Nbd7 9. Qd2 b5 10. O-O-O Rc8 11. Kb1 Be7 12. g4 O-O 13. h4 Nb6 14. Qf2 Nfd7 15.
Nd5 Bxd5 16. exd5 Nc4 17. Bc1 Qc7 18. Bd3 a5 19. Nd2 Ndb6 20. Be4 Qb7 21. Nxc4
bxc4 22. c3 a4 23. a3 Nd7 24. Qc2 Nf6 25. Bf5 Rc5 26. g5 Nxd5 27. Bxh7+ Kh8 28.
Be4 Qb5 29. h5 f5 30. gxf6 Bxf6 31. Rdg1 Qb3 32. Qxb3 cxb3 33. h6 Kg8 34. hxg7
Bxg7 35. Rh7 Rc7 36. Bh6 Rff7 37. Rhxg7+ 1-0

[Event "European Youth Chess Championship B12"]
[Site "Prague, Top Hotel Prague"]
[Date "2012.08.24"]
[Round "8.20"]
[White "Lilov, Alekhsandr"]
[Black "Koziol, Kamil"]
[Result "0-1"]
[WhiteElo "1778"]
[BlackElo "1891"]
[PlyCount "32"]
[EventDate "2012.08.17"]

1. e4 c5 2. Nf3 Nc6 3. d4 cxd4 4. Nxd4 Nf6 5. Nc3 e6 6. Ndb5 Bb4 7. Nd6+ Ke7 8.
Bf4 Qa5 9. Qd3 Ne5 10. Qb5 Bxc3+ 11. bxc3 Qxc3+ 12. Ke2 Qxc2+ 13. Bd2 Nc6 14.
Ke1 Nxe4 15. Nxe4 Qxe4+ 16. Kd1 Qe5 0-1

[Event "European Youth Chess Championship B12"]
[Site "Prague, Top Hotel Prague"]
[Date "2012.08.24"]
[Round "8.21"]
[White "Dujava, Jonas"]
[Black "Haring, Viktor"]
[Result "0-1"]
[WhiteElo "1711"]
[BlackElo "2049"]
[PlyCount "118"]
[EventDate "2012.08.17"]

1. e4 c5 2. Nf3 e6 3. d4 cxd4 4. Nxd4 a6 5. c4 Nf6 6. Bd3 Nc6 7. Be3 Ne5 8. O-O
Nxd3 9. Qxd3 Ng4 10. h3 Nxe3 11. Qxe3 Bc5 12. Qd3 O-O 13. Nc3 Ba7 14. Rad1 Qc7
15. Rd2 Bb8 16. Nf3 f5 17. e5 Qc5 18. Qd4 Qxd4 19. Rxd4 b6 20. Re1 Bc7 21. Nd2
Kf7 22. f4 Ke7 23. Nb3 Rg8 24. h4 h6 25. Kf2 g5 26. hxg5 hxg5 27. g3 gxf4 28.
gxf4 Bb7 29. Rg1 Rxg1 30. Kxg1 Rg8+ 31. Kf1 d6 32. exd6+ Bxd6 33. Ne2 Rh8 34.
Ke1 Rh1+ 35. Kd2 Rh2 36. Ke3 e5 37. fxe5 Bxe5 38. Rd2 Rh3+ 39. Kf2 Rf3+ 40. Ke1
Rh3 41. Nbd4 f4 42. Ng1 Rh1 43. Kf1 Kf6 44. b3 f3 45. Ndxf3 Bxf3 46. Rf2 Rxg1+
47. Kxg1 Bd4 48. Kf1 Bxf2 49. Kxf2 Be4 50. b4 Ke5 51. Ke3 Bc6 52. Kd3 Bd7 53.
Kc3 Be6 54. a4 Bd7 55. b5 a5 56. Kd3 Kd6 57. Kd4 Bf5 58. c5+ bxc5+ 59. Kc4 Be6+
0-1

[Event "European Youth Chess Championship B12"]
[Site "Prague, Top Hotel Prague"]
[Date "2012.08.24"]
[Round "8.22"]
[White "Chetrari, Nikita"]
[Black "Mesaros, Florian"]
[Result "0-1"]
[WhiteElo "1748"]
[BlackElo "2045"]
[PlyCount "78"]
[EventDate "2012.08.17"]

1. e4 c5 2. Nf3 d6 3. d4 cxd4 4. Nxd4 Nf6 5. Nc3 a6 6. Be3 e5 7. Nb3 Be7 8. f3
Be6 9. Qd2 O-O 10. O-O-O Nbd7 11. g4 b5 12. g5 b4 13. Ne2 Ne8 14. Ng3 a5 15.
Kb1 Nc7 16. f4 f6 17. f5 Bxb3 18. cxb3 fxg5 19. Rg1 Ne8 20. Bb5 Rb8 21. Bxd7
Qxd7 22. Bxg5 Bxg5 23. Qxg5 Nf6 24. Qh4 Ra8 25. Nh5 Nxh5 26. Qxh5 a4 27. Qh6
axb3 28. f6 g6 29. Rdf1 Qf7 30. axb3 Ra7 31. h4 Rfa8 32. Kc1 Ra2 33. h5 Ra1+
34. Kd2 Rxf1 35. Rxf1 Ra7 36. Rg1 Qxf6 37. hxg6 Qf2+ 38. Kd3 Qxg1 39. gxh7+
Rxh7 0-1

[Event "European Youth Chess Championship B12"]
[Site "Prague, Top Hotel Prague"]
[Date "2012.08.24"]
[Round "8.23"]
[White "Costachi, Mihnea"]
[Black "Kyrychenko, Mykola"]
[Result "1-0"]
[WhiteElo "1972"]
[BlackElo "1742"]
[PlyCount "69"]
[EventDate "2012.08.17"]

1. d4 Nf6 2. c4 c5 3. d5 b5 4. cxb5 a6 5. e3 axb5 6. Bxb5 Ba6 7. Bxa6 Nxa6 8.
Nc3 d6 9. Nge2 g6 10. a4 Bg7 11. Nb5 Nb4 12. Nec3 O-O 13. O-O Qa5 14. Rb1 Rfb8
15. b3 Rc8 16. Ba3 Nd7 17. Qe2 Nb6 18. e4 c4 19. Rfc1 Bh6 20. Rd1 Bg7 21. Rdc1
Bh6 22. bxc4 Rxc4 23. Rxb4 Rxb4 24. Bxb4 Qxb4 25. Rb1 Qc5 26. Qa2 Bg7 27. Qb3
Rc8 28. Na7 Rc7 29. Nc6 Rb7 30. a5 Qxc3 31. Qxc3 Bxc3 32. Rxb6 Rc7 33. a6 Bd4
34. Rb7 Rc8 35. Nxe7+ 1-0

[Event "European Youth Chess Championship B12"]
[Site "Prague, Top Hotel Prague"]
[Date "2012.08.24"]
[Round "8.24"]
[White "Mustafin, Andrey"]
[Black "Barak, Gil"]
[Result "0-1"]
[WhiteElo "1742"]
[BlackElo "1961"]
[PlyCount "138"]
[EventDate "2012.08.17"]

1. e4 e5 2. Nf3 Nc6 3. Bc4 Bc5 4. c3 Nf6 5. d3 d6 6. Nbd2 a6 7. Bb3 Ba7 8. O-O
h6 9. h3 Be6 10. Re1 Qd7 11. Bxe6 fxe6 12. Nf1 O-O-O 13. Be3 Bxe3 14. Nxe3 Rhf8
15. a4 d5 16. Qc2 Nh5 17. b4 d4 18. Nc4 dxc3 19. Qxc3 Qxd3 20. Qxd3 Rxd3 21. b5
Nb4 22. Nfxe5 Rc3 23. bxa6 Nxa6 24. Rac1 Rxc1 25. Rxc1 Nc5 26. f3 Nf4 27. Ra1
Rd8 28. a5 Rd4 29. Kf1 Rd8 30. Rc1 Kb8 31. Nf7 Rd4 32. Nfe5 Nb3 33. Rb1 Nd2+
34. Nxd2 Rxd2 35. a6 b6 36. Nc6+ Ka8 37. Rc1 Nxg2 38. Nb4 Ne3+ 39. Ke1 Rb2 40.
Nd3 Rc2 41. Rxc2 Nxc2+ 42. Kd2 Nd4 43. Ke3 Nc6 44. Nf4 Nd8 45. Nh5 g5 46. Nf6
Ka7 47. Ne8 c6 48. Nc7 b5 49. Kd4 Kb6 50. Ne8 c5+ 51. Kc3 Kxa6 52. Nf6 Kb6 53.
Nd7+ Kc6 54. Ne5+ Kd6 55. Ng4 Nf7 56. Nf6 Ne5 57. Ng8 h5 58. Nf6 h4 59. Ne8+
Kd7 60. Nf6+ Ke7 61. Ng8+ Kd6 62. Nh6 Nxf3 63. Nf7+ Ke7 64. Nh6 Ng1 65. Ng8+
Kd6 66. Nf6 Nxh3 67. Ng4 Nf4 68. e5+ Kd5 69. Ne3+ Kxe5 0-1

[Event "European Youth Chess Championship B12"]
[Site "Prague, Top Hotel Prague"]
[Date "2012.08.24"]
[Round "8.25"]
[White "Konaplev, Anton"]
[Black "Liska, Jiri"]
[Result "1-0"]
[WhiteElo "1887"]
[BlackElo "1735"]
[PlyCount "77"]
[EventDate "2012.08.17"]

1. e4 c5 2. Nf3 Nc6 3. Nc3 g6 4. d4 cxd4 5. Nxd4 Bg7 6. Be3 d6 7. Qd2 Nf6 8. f3
Bd7 9. O-O-O a6 10. g4 b5 11. g5 Nh5 12. Be2 Ne5 13. Nd5 Nc4 14. Bxc4 bxc4 15.
f4 O-O 16. Ne2 Bg4 17. Rdf1 e6 18. Ndc3 Qa5 19. a3 Rab8 20. Nd4 Qb6 21. Na4 Qb7
22. h3 e5 23. hxg4 exd4 24. Bxd4 Bxd4 25. Qxd4 Ng3 26. Qxc4 Rfc8 27. Qd3 Nxh1
28. Rxh1 Rf8 29. f5 Qe7 30. Qe3 Rfe8 31. Nc3 Qe5 32. Qh3 Qf4+ 33. Kb1 Qxg5 34.
Qxh7+ Kf8 35. Nd5 gxf5 36. Qh8+ Qg8 37. Qh6+ Qg7 38. Qxd6+ Kg8 39. Nf6+ 1-0

[Event "European Youth Chess Championship B12"]
[Site "Prague, Top Hotel Prague"]
[Date "2012.08.24"]
[Round "8.26"]
[White "Batashevs, Arsens"]
[Black "Demidov, Jan"]
[Result "1/2-1/2"]
[WhiteElo "1733"]
[BlackElo "1870"]
[PlyCount "90"]
[EventDate "2012.08.17"]

1. Nf3 Nf6 2. g3 d5 3. c4 c6 4. b3 g6 5. Bb2 Bg7 6. Bg2 O-O 7. O-O Nbd7 8. d4
Nb6 9. Nbd2 Bf5 10. Nh4 Qd7 11. c5 Nc8 12. Nxf5 gxf5 13. Qc2 e6 14. Rad1 Qc7
15. f3 f4 16. gxf4 Qxf4 17. Qd3 Bh6 18. e4 Qe3+ 19. Qxe3 Bxe3+ 20. Kh1 Nh5 21.
Rfe1 Bh6 22. exd5 cxd5 23. b4 Nf4 24. Nb3 Ne7 25. Bc1 Neg6 26. Bxf4 Nxf4 27. a4
f6 28. Nc1 Kf7 29. Nd3 Nxd3 30. Rxd3 Rfe8 31. Bh3 a6 32. Rdd1 Bf4 33. Re2 Rab8
34. Rde1 e5 35. Bd7 Re7 36. dxe5 fxe5 37. Bf5 Kf6 38. Bd3 a5 39. bxa5 Rc7 40.
Rb2 Ra8 41. Rb6+ Kf7 42. a6 bxa6 43. c6 Rac8 44. Rxa6 Rxc6 45. Rxc6 Rxc6
1/2-1/2

[Event "European Youth Chess Championship B12"]
[Site "Prague, Top Hotel Prague"]
[Date "2012.08.24"]
[Round "8.27"]
[White "Czina, Peter"]
[Black "Dreisler, Tobias"]
[Result "0-1"]
[WhiteElo "1727"]
[BlackElo "1861"]
[PlyCount "58"]
[EventDate "2012.08.17"]

1. d4 Nf6 2. Nf3 d5 3. Bf4 c5 4. e3 Nc6 5. c3 Qb6 6. Qb3 c4 7. Qc2 Bf5 8. Qc1
h6 9. h3 e6 10. Nbd2 Qd8 11. Be2 Be7 12. O-O O-O 13. Re1 b5 14. a3 a5 15. Bd1
b4 16. Bc2 bxc3 17. bxc3 Bxc2 18. Qxc2 a4 19. e4 Na5 20. exd5 exd5 21. Ne5 Nb3
22. Ra2 Bd6 23. Nf1 Re8 24. Ne3 Qa5 25. f3 Nxd4 26. Qd2 Nb3 27. N3xc4 Qc5+ 28.
Be3 Nxd2 29. Bxc5 Bxc5+ 0-1

[Event "European Youth Chess Championship B12"]
[Site "Prague, Top Hotel Prague"]
[Date "2012.08.24"]
[Round "8.28"]
[White "Kazantsev, Nikita"]
[Black "Wagner, Vojtech"]
[Result "1/2-1/2"]
[WhiteElo "1837"]
[BlackElo "1734"]
[PlyCount "96"]
[EventDate "2012.08.17"]

1. e4 e5 2. Nf3 Nc6 3. Bb5 a6 4. Ba4 Nf6 5. O-O Be7 6. Re1 b5 7. Bb3 O-O 8. h3
d6 9. c3 Na5 10. Bc2 c5 11. d4 cxd4 12. cxd4 Qc7 13. Nbd2 Bd7 14. Nf1 Rac8 15.
Bd3 Nc6 16. Be3 Nb4 17. Rc1 Qb8 18. Bb1 Nc6 19. Qd2 Bd8 20. dxe5 dxe5 21. Bc5
Be7 22. b4 Be6 23. Ne3 Rfd8 24. Qb2 Nd7 25. Nd5 Nxc5 26. bxc5 Bxd5 27. exd5
Rxd5 28. Qb3 Rdd8 29. Bf5 Rc7 30. Nxe5 Nxe5 31. Rxe5 Bf6 32. Rd5 g6 33. Bg4 h5
34. Bf3 Rxd5 35. Bxd5 Kg7 36. c6 Qb6 37. Bf3 Bd4 38. Rc2 Re7 39. Qd3 Re1+ 40.
Kh2 Be5+ 41. g3 h4 42. Qd2 hxg3+ 43. Kg2 Rb1 44. c7 gxf2 45. Qxf2 Bxc7 46. Rc6
Qxf2+ 47. Kxf2 Rb2+ 48. Ke3 Be5 1/2-1/2